<?xml version="1.0" encoding="UTF-8"?>
<record
    xmlns:xsi="http://www.w3.org/2001/XMLSchema-instance"
    xsi:schemaLocation="http://www.loc.gov/MARC21/slim http://www.loc.gov/standards/marcxml/schema/MARC21slim.xsd"
    xmlns="http://www.loc.gov/MARC21/slim">

  <leader>00980nam a2200253 a 4500</leader>
  <controlfield tag="001">83666</controlfield>
  <controlfield tag="003">BD-RjUL</controlfield>
  <controlfield tag="005">20240507131031.0</controlfield>
  <controlfield tag="008">240507s1995    bg a|||| m||| 00| 0 eng d</controlfield>
  <datafield tag="035" ind1=" " ind2=" ">
    <subfield code="a">(BD-RjUL)83666</subfield>
  </datafield>
  <datafield tag="040" ind1=" " ind2=" ">
    <subfield code="a">BD-RjUL</subfield>
    <subfield code="b">eng</subfield>
    <subfield code="c">BD-RjUL</subfield>
    <subfield code="d">BD-RjUL</subfield>
  </datafield>
  <datafield tag="041" ind1=" " ind2=" ">
    <subfield code="a">eng</subfield>
  </datafield>
  <datafield tag="082" ind1=" " ind2=" ">
    <subfield code="2">23</subfield>
    <subfield code="a">571.995</subfield>
    <subfield code="b">ALS 1995</subfield>
  </datafield>
  <datafield tag="100" ind1=" " ind2=" ">
    <subfield code="a">Ali, Md. Rabbel</subfield>
    <subfield code="9">12878</subfield>
  </datafield>
  <datafield tag="245" ind1="1" ind2="0">
    <subfield code="a">Studies on Important Fungal Diseases of Mulberry (Morus Sp.) Lief in Bangladesh and Their Control. /</subfield>
    <subfield code="c">By Md. Rabbel Ali ;</subfield>
    <subfield code="6">Co-Supervisor : M. Shah Alam, Supervisor : M. Anisur Rahman</subfield>
  </datafield>
  <datafield tag="260" ind1=" " ind2=" ">
    <subfield code="a">Rajshahi : </subfield>
    <subfield code="b">Department of Botany, University of Rajsahi,</subfield>
    <subfield code="c">1995</subfield>
  </datafield>
  <datafield tag="300" ind1=" " ind2=" ">
    <subfield code="a">v, 244 Leaves : </subfield>
    <subfield code="b">ill, ;</subfield>
    <subfield code="c">29 cm.</subfield>
  </datafield>
  <datafield tag="502" ind1=" " ind2=" ">
    <subfield code="a">Thesis (Ph. D.) -- Department of Botany, University of Rajsahi, 1995</subfield>
  </datafield>
  <datafield tag="504" ind1=" " ind2=" ">
    <subfield code="a">References : Leaves 228-244</subfield>
  </datafield>
  <datafield tag="650" ind1=" " ind2=" ">
    <subfield code="a">Fungal Diseases</subfield>
    <subfield code="2">Mulberry</subfield>
  </datafield>
  <datafield tag="700" ind1=" " ind2=" ">
    <subfield code="a">Alam, M. Shah, Co-Supervisor </subfield>
    <subfield code="9">12879</subfield>
  </datafield>
  <datafield tag="700" ind1=" " ind2=" ">
    <subfield code="a">Rahman, M. Anisur, Supervisor </subfield>
    <subfield code="9">2023</subfield>
  </datafield>
  <datafield tag="942" ind1=" " ind2=" ">
    <subfield code="2">ddc</subfield>
    <subfield code="c">THE</subfield>
  </datafield>
  <datafield tag="999" ind1=" " ind2=" ">
    <subfield code="c">83666</subfield>
    <subfield code="d">83666</subfield>
  </datafield>
  <datafield tag="952" ind1=" " ind2=" ">
    <subfield code="1">0</subfield>
    <subfield code="2">ddc</subfield>
    <subfield code="4">0</subfield>
    <subfield code="7">1</subfield>
    <subfield code="8">THESES</subfield>
    <subfield code="a">RUCL</subfield>
    <subfield code="b">RUCL</subfield>
    <subfield code="c">Doc/The</subfield>
    <subfield code="d">1996-01-27</subfield>
    <subfield code="e">Controller of Exam. R. U.</subfield>
    <subfield code="l">0</subfield>
    <subfield code="o">THE 571.995 ALS 1995</subfield>
    <subfield code="p">D1807</subfield>
    <subfield code="r">2024-05-07 00:00:00</subfield>
    <subfield code="t">C-I</subfield>
    <subfield code="y">THE</subfield>
  </datafield>
</record>
